| 000 | 00446nam a2200181Ia 4500 | ||
|---|---|---|---|
| 001 | 15969 | ||
| 005 | 20260306170235.0 | ||
| 008 | 260306t2007||||xx |||||||||||||| ||und|| | ||
| 041 | _aESP | ||
| 082 |
_a620.86 _bR22 |
||
| 100 |
_aRamírez Cavassa, César _eAUT |
||
| 245 | 0 |
_aSeguridad industrial : _bun enfoque integral |
|
| 260 | _c2007 | ||
| 300 |
_a538 páginas : _c25 cm. |
||
| 650 | _aGEN | ||
| 654 | _aCII | ||
| 942 |
_cLIB _dJUS _fJUS _2ddc _n |
||
| 999 |
_c15969 _d15969 |
||